[Event "Wch Juvenil 2013 sub-16 femenino"]
[Site "Al-Ain UAE"]
[Date "2013.12.22"]
[Round "5.37"]
[White "Ghaemmaghami, Pegah"]
[Black "Fortunata, Fransisca"]
[Result "1/2-1/2"]
[WhiteElo "1723"]
[BlackElo "2117"]
[PlyCount "116"]
[EventDate "2013.12.19"]
[EventType "swiss"]
[EventRounds "11"]
[EventCountry "UAE"]
[Source "lmi"]
[SourceDate "2013.12.19"]

1. c4 c5 2. Nc3 Nc6 3. Nf3 Nf6 4. g3 e5 5. d3 d6 6. Bg2 Be7 7. O-O O-O 8. a3 h6
9. Rb1 a5 10. Bd2 Be6 11. e4 Nh7 12. Nd5 Bxd5 13. cxd5 Nd4 14. Be3 f5 15. b4
Nb5 16. Qb3 cxb4 17. axb4 a4 18. Qb2 g5 19. h3 Qd7 20. Bd2 Bd8 21. Nh2 Bb6 22.
Be3 a3 23. Qd2 Nd4 24. Qa2 f4 25. Bxd4 Bxd4 26. Nf3 Bb2 27. Nd2 b5 28. Nb3 Ra4
29. Na5 Rxb4 30. Nc6 Ra4 31. Rxb2 axb2 32. Qxb2 f3 33. Bh1 Qb7 34. Rb1 b4 35.
Qb3 Rfa8 36. Bxf3 Ra1 37. Rxa1 Rxa1+ 38. Kg2 Ra3 39. Qxb4 Qxb4 40. Nxb4 Nf6 41.
Nc6 Kf7 42. Be2 Ra2 43. Kf3 Ke8 44. Ke3 Kd7 45. Bg4+ Nxg4+ 46. hxg4 Ra8 47. f4
exf4+ 48. gxf4 gxf4+ 49. Kxf4 Rf8+ 50. Kg3 Rf1 51. d4 Rd1 52. Kf4 Rf1+ 53. Ke3
Re1+ 54. Kf3 Rf1+ 55. Kg3 Rd1 56. Kf4 Rf1+ 57. Kg3 Rd1 58. Kf4 Rf1+ 1/2-1/2

[Event "Wch Juvenil 2013 sub-16 femenino"]
[Site "Al-Ain UAE"]
[Date "2013.12.22"]
[Round "5.38"]
[White "Methmani, Nelunika"]
[Black "Serefidou, Despina"]
[Result "0-1"]
[WhiteElo "1672"]
[BlackElo "1958"]
[PlyCount "84"]
[EventDate "2013.12.19"]
[EventType "swiss"]
[EventRounds "11"]
[EventCountry "UAE"]
[Source "lmi"]
[SourceDate "2013.12.19"]

1. d4 Nf6 2. c4 e6 3. Nf3 b6 4. g3 Ba6 5. b3 Bb4+ 6. Bd2 Be7 7. Nc3 c6 8. Bg2
d5 9. cxd5 cxd5 10. O-O O-O 11. a3 Nbd7 12. Re1 Rc8 13. Na2 Ne4 14. Nb4 Bb7 15.
Rc1 a5 16. Nc2 Nc3 17. Bxc3 Rxc3 18. Ne3 Qc7 19. Qd2 Rc8 20. Rxc3 Qxc3 21. Qxc3
Rxc3 22. b4 axb4 23. axb4 Bxb4 24. Rb1 Ba5 25. Ne1 Ba6 26. Kf1 Kf8 27. N1c2 Ke7
28. f4 Bc4 29. Nxc4 Rxc4 30. Ne3 Rxd4 31. f5 Nc5 32. g4 Ne4 33. Bxe4 Rxe4 34.
Kf2 Kd6 35. h3 Rf4+ 36. Kg3 Rb4 37. Rc1 Rb3 38. Kf2 Bd2 39. Nc4+ dxc4 40. Rxc4
Be3+ 41. Kg2 Bc5 42. fxe6 Kxe6 0-1

[Event "Wch Juvenil 2013 sub-16 femenino"]
[Site "Al-Ain UAE"]
[Date "2013.12.22"]
[Round "5.39"]
[White "Drogovoz, Maria"]
[Black "Rodsmoen, Maud"]
[Result "0-1"]
[WhiteElo "1898"]
[BlackElo "1772"]
[PlyCount "80"]
[EventDate "2013.12.19"]
[EventType "swiss"]
[EventRounds "11"]
[EventCountry "UAE"]
[Source "lmi"]
[SourceDate "2013.12.19"]

1. e4 e5 2. Nf3 Nc6 3. d4 exd4 4. Nxd4 Nf6 5. Nxc6 bxc6 6. e5 Qe7 7. Qe2 Nd5 8.
c4 Ba6 9. b3 g6 10. Bb2 Bg7 11. Nd2 O-O 12. O-O-O Rfe8 13. Qe4 Nb6 14. f4 d5
15. Qc2 Rab8 16. g3 Red8 17. c5 Bxf1 18. cxb6 Bh3 19. bxa7 Rb5 20. Qc3 Rc5 21.
Nc4 Ra8 22. Ba3 dxc4 23. Qb4 Bf8 24. Qxc5 Qxc5 25. Bxc5 Bxc5 26. bxc4 Rxa7 27.
Kb2 Be6 28. Rd8+ Kg7 29. Kb3 Ra3+ 30. Kb2 Bxc4 31. Ra1 Bd5 32. Rd7 Ra8 33. Kc3
Bb6 34. a4 Kf8 35. Kb4 Ba5+ 36. Ka3 Rb8 37. e6 Bxe6 38. Rd3 Bc4 39. Rd7 Bc3 40.
Rad1 Bb2# 0-1

[Event "Wch Juvenil 2013 sub-16 femenino"]
[Site "Al-Ain UAE"]
[Date "2013.12.22"]
[Round "5.41"]
[White "Kahanda, I D S."]
[Black "Suchomelova, Simona"]
[Result "1/2-1/2"]
[WhiteElo "1647"]
[BlackElo "1827"]
[PlyCount "90"]
[EventDate "2013.12.19"]
[EventType "swiss"]
[EventRounds "11"]
[EventCountry "UAE"]
[Source "lmi"]
[SourceDate "2013.12.19"]

1. d4 d5 2. c4 dxc4 3. a4 Nf6 4. Nc3 Bf5 5. e3 e6 6. Bxc4 Be7 7. Nf3 O-O 8. h3
h6 9. O-O Nbd7 10. b3 Nb6 11. Bd3 Bxd3 12. Qxd3 c5 13. Rd1 Rc8 14. dxc5 Qxd3
15. Rxd3 Bxc5 16. Bb2 Nbd5 17. Nxd5 Nxd5 18. Rad1 Bb6 19. Ne5 Rfd8 20. Nc4 Bc7
21. Be5 Bxe5 22. Nxe5 Re8 23. e4 Nf6 24. f3 Kf8 25. Nd7+ Nxd7 26. Rxd7 Re7 27.
Rd8+ Rxd8 28. Rxd8+ Re8 29. Rxe8+ Kxe8 30. Kf2 Kd7 31. Ke3 e5 32. Kd3 a5 33.
Kc4 Kc6 34. h4 g6 35. g3 f6 36. b4 b6 37. b5+ Kd6 38. Kd3 Kd7 39. Kc3 Ke7 40.
Kd3 Kd6 41. Kc4 Ke6 42. Kd3 Kd7 43. Kc3 Kd6 44. Kc4 Ke6 45. Kd3 Kd6 1/2-1/2

[Event "Wch Juvenil 2013 sub-16 femenino"]
[Site "Al-Ain UAE"]
[Date "2013.12.22"]
[Round "5.43"]
[White "Trippold, Denise"]
[Black "Jacobsen, Caroline Beer"]
[Result "1-0"]
[WhiteElo "1789"]
[BlackElo "1621"]
[PlyCount "89"]
[EventDate "2013.12.19"]
[EventType "swiss"]
[EventRounds "11"]
[EventCountry "UAE"]
[Source "lmi"]
[SourceDate "2013.12.19"]

1. d4 Nf6 2. c4 e6 3. Nf3 b6 4. g3 Bb7 5. Bg2 d5 6. O-O c5 7. cxd5 Nxd5 8. Ne5
Nd7 9. Qa4 cxd4 10. Rd1 Bc5 11. b4 Bd6 12. Nc4 Be7 13. Bb2 a6 14. Qb3 O-O 15.
Rxd4 Bf6 16. Rd1 Bxb2 17. Qxb2 Qe7 18. Nc3 Nxc3 19. Qxc3 Bxg2 20. Kxg2 b5 21.
Nd6 Nb6 22. e4 e5 23. Rac1 Rfd8 24. Qc6 Na4 25. Rd2 Qd7 26. Qd5 Qe7 27. Rc6 Kf8
28. Rdc2 Qe6 29. Qd2 Kg8 30. h4 Qd7 31. Qg5 f6 32. Qe3 Qe7 33. Qb3+ Kf8 34. Nf5
Qe8 35. Rc7 Rd7 36. R2c6 Ra7 37. Rc8 Rd8 38. Qc2 Ra8 39. R8c7 Rd7 40. Qb3 Ra7
41. Rc8 Rd8 42. Nd6 Rxc8 43. Rxc8 Qxc8 44. Nxc8 a5 45. Nxa7 1-0

[Event "Wch Juvenil 2013 sub-16 femenino"]
[Site "Al-Ain UAE"]
[Date "2013.12.22"]
[Round "5.45"]
[White "Mithran, Mirakla"]
[Black "Ebeling, Gabriela"]
[Result "1/2-1/2"]
[WhiteElo "1655"]
[BlackElo "1570"]
[PlyCount "56"]
[EventDate "2013.12.19"]
[EventType "swiss"]
[EventRounds "11"]
[EventCountry "UAE"]
[Source "lmi"]
[SourceDate "2013.12.19"]

1. f4 d5 2. Nf3 Nf6 3. e3 Nc6 4. Be2 e6 5. b3 Bd6 6. Bb2 Qe7 7. O-O O-O 8. Nc3
b6 9. Nb5 Nd7 10. Nxd6 Qxd6 11. a4 Nd8 12. Ba3 c5 13. Bb2 f6 14. Qe1 Bb7 15.
Qg3 Qe7 16. Bd3 Nc6 17. Qh3 g6 18. c4 Rfe8 19. Qg3 Nb4 20. Be2 Nb8 21. h4 N8c6
22. h5 Kg7 23. Kf2 Rg8 24. Rh1 Kf8 25. hxg6 hxg6 26. Qh4 g5 27. Qh6+ Kf7 28.
Qh5+ Kf8 1/2-1/2

[Event "Wch Juvenil 2013 sub-16 femenino"]
[Site "Al-Ain UAE"]
[Date "2013.12.22"]
[Round "5.46"]
[White "Markaki, Sofia"]
[Black "Solis Carbajal, Minueth Si"]
[Result "1-0"]
[WhiteElo "1789"]
[BlackElo "1602"]
[PlyCount "89"]
[EventDate "2013.12.19"]
[EventType "swiss"]
[EventRounds "11"]
[EventCountry "UAE"]
[Source "lmi"]
[SourceDate "2013.12.19"]

1. e4 e5 2. Nf3 Nc6 3. d4 exd4 4. Nxd4 Bc5 5. Be3 Bb6 6. Bc4 Ne5 7. Be2 Ne7 8.
f4 N5c6 9. c4 d6 10. O-O f5 11. Nxf5 Nxf5 12. Bxb6 axb6 13. exf5 Bxf5 14. Bh5+
g6 15. Re1+ Kd7 16. Bg4 Kc8 17. Bxf5+ gxf5 18. Qh5 Ra5 19. Nc3 Nb4 20. Re2 Nd3
21. g3 Kb8 22. Rd1 Nb4 23. a3 Nc6 24. Nb5 Ne7 25. Rde1 Ng6 26. b4 Rxb5 27. cxb5
Qf6 28. Qf3 Ka7 29. Rc2 Qd4+ 30. Kh1 Qg7 31. Qd5 h5 32. Rec1 Rc8 33. Qxf5 Kb8
34. Qxh5 Ne7 35. Qg5 Qf7 36. Re2 Nf5 37. g4 Nd4 38. Rf2 Qb3 39. Kg2 Qe3 40. Qd5
Rh8 41. Rcf1 Ne2 42. Qf3 Nxf4+ 43. Qxf4 Qh3+ 44. Kg1 Rh4 45. Qf3 1-0

[Event "Wch Juvenil 2013 sub-16 femenino"]
[Site "Al-Ain UAE"]
[Date "2013.12.22"]
[Round "5.47"]
[White "Ait Abbas, Nesrine"]
[Black "Du Toit, Sune"]
[Result "0-1"]
[WhiteElo "1444"]
[BlackElo "1728"]
[PlyCount "77"]
[EventDate "2013.12.19"]
[EventType "swiss"]
[EventRounds "11"]
[EventCountry "UAE"]
[Source "lmi"]
[SourceDate "2013.12.19"]

1. c4 e6 2. Nc3 Nf6 3. g3 d5 4. cxd5 exd5 5. Nf3 Be7 6. Bg2 O-O 7. d4 c6 8. O-O
Nbd7 9. e3 Re8 10. Bd2 Nb6 11. b3 h6 12. Ne5 Nbd7 13. Nd3 Nh7 14. Nf4 Ndf6 15.
h3 Ng5 16. Kh2 Bd6 17. Nfe2 Qd7 18. Ng1 Nge4 19. Nxe4 Nxe4 20. Nf3 b6 21. Be1
Re6 22. Nd2 Bb7 23. Nxe4 dxe4 24. Qg4 Qe7 25. Bc3 Re8 26. Kh1 Rg6 27. Qd1 f5
28. Rc1 Bb8 29. Bb2 Qd6 30. Qe2 Rg5 31. Qc4+ Kh8 32. Rg1 Rxg3 33. Rgd1 Rxh3+
34. Kg1 Qg6 35. Kf1 Rh2 36. Bxe4 fxe4 37. Ke1 Qg1+ 38. Kd2 Qxf2+ 39. Kc3 0-1

[Event "Wch Juvenil 2013 sub-16 femenino"]
[Site "Al-Ain UAE"]
[Date "2013.12.22"]
[Round "5.48"]
[White "Kavya Srishti, K."]
[Black "Ilhom, Mootribai"]
[Result "0-1"]
[WhiteElo "1442"]
[BlackElo "1702"]
[PlyCount "66"]
[EventDate "2013.12.19"]
[EventType "swiss"]
[EventRounds "11"]
[EventCountry "UAE"]
[Source "lmi"]
[SourceDate "2013.12.19"]

1. d4 Nf6 2. Nf3 g6 3. e3 Bg7 4. c4 O-O 5. Nc3 d6 6. h3 Nc6 7. d5 Nb8 8. e4 e5
9. Bd3 Nbd7 10. Be3 Ne8 11. Qc2 Ndf6 12. O-O Nh5 13. Qe2 Qe7 14. Rac1 Bh8 15.
b4 Nhg7 16. Nh2 f5 17. exf5 gxf5 18. Rfd1 e4 19. Bf4 Qh4 20. Bxe4 Qxf4 21. Bb1
Nf6 22. Nf3 Bd7 23. a3 Rae8 24. Qc2 Ne4 25. Rd4 Nh5 26. Ne2 Qh6 27. Rdd1 Nf4
28. Nxf4 Qxf4 29. c5 Nc3 30. Re1 Ba4 31. Qd3 Bb5 32. Qd2 Qxd2 33. Nxd2 Ne2+ 0-1

[Event "Wch Juvenil 2013 sub-16 femenino"]
[Site "Al-Ain UAE"]
[Date "2013.12.22"]
[Round "5.49"]
[White "Terubea, Cydel"]
[Black "Wen, Jessica"]
[Result "0-1"]
[WhiteElo "1262"]
[BlackElo "1646"]
[PlyCount "124"]
[EventDate "2013.12.19"]
[EventType "swiss"]
[EventRounds "11"]
[EventCountry "UAE"]
[Source "lmi"]
[SourceDate "2013.12.19"]

1. e4 e5 2. Nf3 Nc6 3. d4 exd4 4. Nxd4 Bc5 5. Nxc6 bxc6 6. Be2 Qf6 7. Bf3 Ne7
8. O-O O-O 9. Re1 d5 10. c3 Be6 11. Be3 Bb6 12. Qd2 h6 13. Rd1 Rad8 14. Bxb6
axb6 15. Qd4 dxe4 16. Qxe4 Bd5 17. Qe2 Be6 18. Nd2 Rfe8 19. Nc4 Nd5 20. Qe5 Qg6
21. Qh5 Qxh5 22. Bxh5 Nxc3 23. Rxd8 Rxd8 24. Ne5 Nxa2 25. Nxc6 Rd6 26. Bf3 Rd2
27. b4 Rb2 28. Be4 g5 29. Rb1 Rxb1+ 30. Bxb1 Nc3 31. Bd3 b5 32. Kf1 Bc4 33.
Bxc4 bxc4 34. Ke1 Kg7 35. f3 f5 36. Kd2 Nb5 37. Ne5 c3+ 38. Kc2 Kf6 39. Nd7+
Ke6 40. Nc5+ Kd5 41. Kd3 c6 42. Na4 c2 43. Kxc2 Kc4 44. Nb2+ Kxb4 45. Nd3+ Kc4
46. Ne5+ Kd4 47. Nxc6+ Ke3 48. Ne7 Nd6 49. Nd5+ Kf2 50. f4 Kxg2 51. Ne3+ Kxh2
52. fxg5 hxg5 53. Kd1 Kg3 54. Ke2 g4 55. Nf1+ Kf4 56. Kf2 Ne4+ 57. Kg2 g3 58.
Kh1 Kf3 59. Kg1 f4 60. Kh1 Nf2+ 61. Kg1 Nh3+ 62. Kh1 g2+ 0-1

[Event "Wch Juvenil 2013 sub-16 femenino"]
[Site "Al-Ain UAE"]
[Date "2013.12.22"]
[Round "5.51"]
[White "Ahmadova, Fatima"]
[Black "Samudin, Elina"]
[Result "1-0"]
[WhiteElo "1634"]
[BlackElo "1564"]
[PlyCount "73"]
[EventDate "2013.12.19"]
[EventType "swiss"]
[EventRounds "11"]
[EventCountry "UAE"]
[Source "lmi"]
[SourceDate "2013.12.19"]

1. e4 d5 2. exd5 Qxd5 3. d4 Nf6 4. Nf3 Bg4 5. Be2 e6 6. O-O Be7 7. c4 Qd8 8.
Qb3 Qc8 9. Nc3 O-O 10. h3 Bh5 11. Bf4 c5 12. d5 exd5 13. cxd5 a6 14. Rac1 Nbd7
15. d6 Bd8 16. Nd5 Re8 17. Rfe1 b5 18. Qd1 Qb7 19. Ne3 Ba5 20. Nd2 Bg6 21. Bf3
Be4 22. Nxe4 Nxe4 23. Re2 Bb6 24. Nd5 f5 25. Nc7 Bxc7 26. dxc7 Ndf6 27. Bxe4
Rxe4 28. Rxe4 Nxe4 29. Qd8+ Kf7 30. Qd7+ Kg6 31. Qe6+ Nf6 32. Rxc5 Qc8 33. Qc6
Kf7 34. Qxa8 Qxa8 35. c8=Q Qe4 36. Qxf5 Qe1+ 37. Kh2 1-0

[Event "Wch Juvenil 2013 sub-16 femenino"]
[Site "Al-Ain UAE"]
[Date "2013.12.22"]
[Round "5.52"]
[White "Bashaer, Khalil"]
[Black "Mira, Sarhan"]
[Result "1-0"]
[WhiteElo "1630"]
[BlackElo "1312"]
[PlyCount "96"]
[EventDate "2013.12.19"]
[EventType "swiss"]
[EventRounds "11"]
[EventCountry "UAE"]
[Source "lmi"]
[SourceDate "2013.12.19"]

1. e4 d5 2. exd5 Qxd5 3. Nc3 Qa5 4. d4 Nf6 5. Nf3 c6 6. h3 Bf5 7. Bd3 Bg6 8.
Ne5 e6 9. Qf3 Bd6 10. Nc4 Qc7 11. Nxd6+ Qxd6 12. Qe3 Nbd7 13. Ne4 Nxe4 14. Bxe4
Nf6 15. Bd3 Qd5 16. f3 Rd8 17. c3 Bxd3 18. Qxd3 Qd6 19. Qe2 Qg3+ 20. Qf2 Qxf2+
21. Kxf2 O-O 22. g4 Nd5 23. Bd2 Nb6 24. Rae1 Nc4 25. Bc1 Rfe8 26. Re2 Rd7 27.
f4 Rde7 28. Rhe1 Kf8 29. b3 Nb6 30. Ba3 Nd5 31. Bxe7+ Rxe7 32. Rc2 Nxf4 33. Kg3
Nd5 34. a3 Nf6 35. Ree2 Rd7 36. Re5 b6 37. g5 Nh5+ 38. Kg4 g6 39. Rd2 Ng7 40.
c4 Nf5 41. Re4 Ne7 42. Re3 a6 43. Red3 Ke8 44. Kf4 Nf5 45. d5 exd5 46. cxd5
cxd5 47. Rxd5 Rxd5 48. Rxd5 Ke7 1-0

[Event "Wch Juvenil 2013 sub-16 femenino"]
[Site "Al-Ain UAE"]
[Date "2013.12.22"]
[Round "5.55"]
[White "Gamage, Yasasmi Umarusiru"]
[Black "Karania, Saloni"]
[Result "0-1"]
[WhiteElo "1435"]
[BlackElo "1210"]
[PlyCount "138"]
[EventDate "2013.12.19"]
[EventType "swiss"]
[EventRounds "11"]
[EventCountry "UAE"]
[Source "lmi"]
[SourceDate "2013.12.19"]

1. e4 b6 2. d4 Bb7 3. Nc3 e6 4. Nf3 Bb4 5. Bd3 Nf6 6. e5 Ne4 7. Bxe4 Bxe4 8.
Bd2 Bxc3 9. Bxc3 Nc6 10. Qe2 Bd5 11. O-O Qe7 12. b3 d6 13. Bb2 dxe5 14. dxe5
Na5 15. Rad1 O-O 16. Rd4 Rad8 17. Rg4 g6 18. Bc1 Rd7 19. Bg5 Qc5 20. Rd1 Bxf3
21. Qxf3 Rxd1+ 22. Qxd1 Qxe5 23. Bf4 Qc5 24. Bh6 Re8 25. b4 Qh5 26. bxa5 Qxh6
27. axb6 cxb6 28. h3 Qf8 29. Ra4 a5 30. Qd4 Rb8 31. Rc4 Qd8 32. Qa1 Rc8 33. Rd4
Qc7 34. Rd2 Rd8 35. Qc1 Rxd2 36. Qxd2 Qc5 37. Qd8+ Kg7 38. Qd1 b5 39. Qa1+ Kg8
40. Qd1 Qd5 41. Qb1 b4 42. Qb3 Qxb3 43. cxb3 Kf8 44. Kf1 Ke7 45. Ke2 Kd6 46.
Kd3 Kc5 47. Ke4 f6 48. f4 Kd6 49. Kd4 e5+ 50. Ke4 exf4 51. Kxf4 Ke6 52. h4 h6
53. Ke4 f5+ 54. Kf4 Kf6 55. g4 g5+ 56. hxg5+ hxg5+ 57. Kf3 fxg4+ 58. Kxg4 Kg6
59. Kg3 Kf5 60. Kf3 g4+ 61. Kg3 Kg5 62. Kg2 Kf4 63. Kf2 g3+ 64. Kg2 Kg4 65. Kg1
Kf3 66. Kf1 g2+ 67. Kg1 Kg3 68. a3 bxa3 69. b4 a2 0-1

[Event "Wch Juvenil 2013 sub-16 femenino"]
[Site "Al-Ain UAE"]
[Date "2013.12.23"]
[Round "6.1"]
[White "Gu, Tianlu"]
[Black "Nicolas Zapata, Irene"]
[Result "1-0"]
[WhiteElo "2128"]
[BlackElo "2237"]
[PlyCount "101"]
[EventDate "2013.12.19"]
[EventType "swiss"]
[EventRounds "11"]
[EventCountry "UAE"]
[Source "lmi"]
[SourceDate "2013.12.19"]

1. d4 Nf6 2. c4 e6 3. Nc3 Bb4 4. e3 O-O 5. Nge2 c6 6. a3 Ba5 7. b4 Bc7 8. d5 d6
9. g3 cxd5 10. cxd5 e5 11. Bg2 a5 12. b5 Nbd7 13. O-O Nc5 14. Na4 Nxa4 15. Qxa4
Nd7 16. e4 Nc5 17. Qc4 f5 18. exf5 Bxf5 19. Be3 Bd3 20. Qa2 Bb6 21. Rfd1 Bxe2
22. Qxe2 Nb3 23. Rab1 Nd4 24. Qh5 Rf5 25. Qg4 h5 26. Qe4 Qf6 27. Kh1 Bc5 28. f4
Qf8 29. Bh3 Rf6 30. fxe5 dxe5 31. Rf1 Re8 32. Rxf6 Qxf6 33. Rf1 Qd6 34. Bxd4
Bxd4 35. Qf3 Qg6 36. Bd7 e4 37. Bxe8 Qxe8 38. Qf5 Qxb5 39. Qf7+ Kh7 40. Qxh5+
Kg8 41. Qf7+ Kh7 42. Qf5+ Kg8 43. d6 Qc6 44. d7 e3+ 45. Rf3 Qc7 46. Qf7+ Kh7
47. Qh5+ Kg8 48. Qe8+ Kh7 49. Kg2 Qc2+ 50. Kh3 e2 51. Qh5+ 1-0

[Event "Wch Juvenil 2013 sub-16 femenino"]
[Site "Al-Ain UAE"]
[Date "2013.12.23"]
[Round "6.2"]
[White "Harutyunyan, Ani"]
[Black "Mahalakshmi, M."]
[Result "1-0"]
[WhiteElo "1916"]
[BlackElo "2110"]
[PlyCount "81"]
[EventDate "2013.12.19"]
[EventType "swiss"]
[EventRounds "11"]
[EventCountry "UAE"]
[Source "lmi"]
[SourceDate "2013.12.19"]

1. d4 Nf6 2. Nf3 e6 3. e3 c5 4. Bd3 b6 5. O-O Bb7 6. c4 Be7 7. Nc3 d6 8. d5 e5
9. e4 O-O 10. Ne1 Ne8 11. g3 Bf6 12. Be3 Bc8 13. f4 exf4 14. gxf4 Qe7 15. Qf3
Nc7 16. Qg2 Re8 17. Nf3 b5 18. Rae1 bxc4 19. Bb1 Bxc3 20. bxc3 Nb5 21. e5 Nxc3
22. exd6 Qd8 23. Bxc5 Nxb1 24. Bd4 g6 25. Qg5 Qxg5+ 26. fxg5 Bd7 27. Rxb1 Bf5
28. Rb7 Nd7 29. Bxa7 c3 30. Nd4 Bg4 31. Rc1 Re5 32. Rxc3 Rxd5 33. h3 Ra5 34.
Nc6 Rxg5 35. hxg4 Rxg4+ 36. Kf2 Nf6 37. d7 Ne4+ 38. Kf3 Rg3+ 39. Kxe4 Rxc3 40.
Rb8+ Rxb8 41. Nxb8 1-0

[Event "Wch Juvenil 2013 sub-16 femenino"]
[Site "Al-Ain UAE"]
[Date "2013.12.23"]
[Round "6.3"]
[White "Khademalsharieh, Sarasadat"]
[Black "Velikic, Adela"]
[Result "1-0"]
[WhiteElo "2298"]
[BlackElo "2055"]
[PlyCount "87"]
[EventDate "2013.12.19"]
[EventType "swiss"]
[EventRounds "11"]
[EventCountry "UAE"]
[Source "lmi"]
[SourceDate "2013.12.19"]

1. Nf3 d5 2. d4 Nf6 3. c4 c6 4. e3 e6 5. b3 Nbd7 6. Bd3 Bd6 7. Bb2 Qe7 8. Ne5
Bb4+ 9. Nd2 Ne4 10. Bxe4 dxe4 11. O-O f5 12. Nxd7 Bxd7 13. f3 Bxd2 14. Qxd2
exf3 15. Rxf3 O-O 16. a4 Rfd8 17. Ba3 Qf6 18. Bd6 Be8 19. Qb4 Rd7 20. Raf1 Qd8
21. c5 Bg6 22. e4 fxe4 23. Rf8+ Qxf8 24. Bxf8 Rxf8 25. Rxf8+ Kxf8 26. Kf2 Ke7
27. Ke3 Kf6 28. Qc3 e5 29. dxe5+ Ke6 30. Ke2 Rd3 31. Qb4 Bh5+ 32. Ke1 Kxe5 33.
Qxb7 Rd1+ 34. Kf2 Rd2+ 35. Kg3 g5 36. Qg7+ Kf5 37. Qxh7+ Bg6 38. Qh3+ Kf6 39.
Qh8+ Kf7 40. Qe5 Rd3+ 41. Kg4 e3 42. b4 Rd5 43. Qc3 Bf5+ 44. Kxg5 1-0

[Event "Wch Juvenil 2013 sub-16 femenino"]
[Site "Al-Ain UAE"]
[Date "2013.12.23"]
[Round "6.4"]
[White "Choladze, Mariam"]
[Black "Derakhshani, Dorsa"]
[Result "0-1"]
[WhiteElo "1900"]
[BlackElo "2087"]
[PlyCount "56"]
[EventDate "2013.12.19"]
[EventType "swiss"]
[EventRounds "11"]
[EventCountry "UAE"]
[Source "lmi"]
[SourceDate "2013.12.19"]

1. e4 e5 2. Nf3 Nc6 3. Bc4 Bc5 4. c3 Nf6 5. d3 a6 6. Bb3 Ba7 7. O-O d6 8. h3 h6
9. Re1 O-O 10. Nbd2 Be6 11. Nf1 d5 12. exd5 Nxd5 13. Qe2 Qf6 14. Ng3 Qg6 15.
Kh1 Rad8 16. Bc2 f5 17. d4 e4 18. Ng1 Nce7 19. a3 c6 20. Qf1 Bb8 21. N1e2 h5
22. h4 e3 23. c4 Qg4 24. cxd5 f4 25. Ng1 fxg3 26. Nh3 Bxd5 27. f3 Bxf3 28. gxf3
g2+ 0-1

[Event "Wch Juvenil 2013 sub-16 femenino"]
[Site "Al-Ain UAE"]
[Date "2013.12.23"]
[Round "6.5"]
[White "Harazinska, Ewa"]
[Black "Hong, Xing"]
[Result "1-0"]
[WhiteElo "2050"]
[BlackElo "1980"]
[PlyCount "105"]
[EventDate "2013.12.19"]
[EventType "swiss"]
[EventRounds "11"]
[EventCountry "UAE"]
[Source "lmi"]
[SourceDate "2013.12.19"]

1. d4 Nf6 2. c4 c5 3. d5 b5 4. Qc2 bxc4 5. e4 d6 6. Bxc4 g6 7. Nf3 Bg7 8. O-O
O-O 9. Nc3 Nbd7 10. a4 Rb8 11. Nb5 Nb6 12. Nxa7 Nxc4 13. Nc6 Qc7 14. Nxb8 Na5
15. Bd2 Bb7 16. Bxa5 Qxa5 17. Nc6 Bxc6 18. dxc6 Qb6 19. b4 Qxc6 20. e5 Nd7 21.
Rac1 dxe5 22. bxc5 Ra8 23. Rfd1 Bh6 24. Rb1 e4 25. Ne1 e3 26. fxe3 Bxe3+ 27.
Kh1 Nxc5 28. Qc3 Qe4 29. Rb4 Qe6 30. Nc2 Na6 31. Rc4 Bg5 32. Rc6 Qg4 33. Qf3
Qxa4 34. Ra1 Qb5 35. Rxg6+ hxg6 36. Qxa8+ Nb8 37. Nd4 Qb2 38. Nc6 Bf4 39. Nxe7+
Kg7 40. Re1 Be5 41. Qe4 Bc3 42. Rf1 Nd7 43. Nd5 Be5 44. h4 Qb8 45. Qf3 Qe8 46.
g4 Qe6 47. Kg2 Bd6 48. g5 Bb8 49. Rf2 Kg8 50. Re2 Ne5 51. Nf6+ Kf8 52. Qb7 Qd6
53. Qc8+ 1-0

[Event "Wch Juvenil 2013 sub-16 femenino"]
[Site "Al-Ain UAE"]
[Date "2013.12.23"]
[Round "6.6"]
[White "Vanagaite, Giedre"]
[Black "Wafa, Shahenda"]
[Result "1-0"]
[WhiteElo "2017"]
[BlackElo "1883"]
[PlyCount "83"]
[EventDate "2013.12.19"]
[EventType "swiss"]
[EventRounds "11"]
[EventCountry "UAE"]
[Source "lmi"]
[SourceDate "2013.12.19"]

1. e4 e5 2. Nf3 Nc6 3. Bb5 Nge7 4. O-O g6 5. c3 Bg7 6. d4 exd4 7. cxd4 O-O 8.
d5 Ne5 9. Nxe5 Bxe5 10. Nc3 c6 11. Bc4 b5 12. Bb3 b4 13. Ne2 cxd5 14. Bxd5 Rb8
15. Bf4 d6 16. Bb3 Ba6 17. Be3 Qd7 18. Qd2 Bb5 19. Rfd1 a5 20. Nd4 a4 21. Bc2
Ba6 22. Rab1 Rfd8 23. Nf3 Qc6 24. Nxe5 dxe5 25. Qxd8+ Rxd8 26. Rxd8+ Kg7 27.
Rc1 Qc7 28. Rdd1 Qb7 29. f3 b3 30. axb3 axb3 31. Bd3 Bxd3 32. Rxd3 f5 33. Rdc3
Kf6 34. Rc7 Qa8 35. h4 f4 36. Bc5 Nd5 37. exd5 Qxd5 38. Be7+ Kf7 39. Bg5+ Kf8
40. Rc8+ Kf7 41. R1c7+ Ke6 42. Re7+ 1-0

[Event "Wch Juvenil 2013 sub-16 femenino"]
[Site "Al-Ain UAE"]
[Date "2013.12.23"]
[Round "6.7"]
[White "Styazhkina, Anna"]
[Black "Paredes Bustamante, Paula"]
[Result "0-1"]
[WhiteElo "2241"]
[BlackElo "1994"]
[PlyCount "106"]
[EventDate "2013.12.19"]
[EventType "swiss"]
[EventRounds "11"]
[EventCountry "UAE"]
[Source "lmi"]
[SourceDate "2013.12.19"]

1. e4 e5 2. Nf3 Nf6 3. d4 Nxe4 4. Bd3 d5 5. Nxe5 Nd7 6. Nc3 Nxe5 7. dxe5 Nxc3
8. bxc3 Bc5 9. Qh5 Qe7 10. O-O h6 11. Bd2 Be6 12. Rab1 c6 13. a4 b6 14. Kh1 Qd7
15. f4 g6 16. Qh4 Qe7 17. Qg3 Qd7 18. Rbe1 O-O-O 19. Be3 Bxe3 20. Qxe3 d4 21.
cxd4 Qxd4 22. Qe2 Kc7 23. a5 Rhe8 24. Ra1 Qc5 25. Rab1 Bd5 26. Rfc1 Be6 27. c3
Rb8 28. axb6+ axb6 29. Rb2 Red8 30. h3 Qa3 31. Rbb1 Qc5 32. Be4 Bc4 33. Qf3 Rd2
34. Rd1 Be2 35. Rxd2 Bxf3 36. Bxf3 Rd8 37. Ra2 b5 38. Ra6 Qxc3 39. Rxc6+ Qxc6
40. Bxc6 Kxc6 41. Kg1 Rd4 42. g3 Rd2 43. Kf1 Rh2 44. Rc1+ Kb6 45. Rc8 b4 46.
Rf8 Kc6 47. Ke1 b3 48. Rb8 b2 49. Kd1 Kd5 50. h4 Ke4 51. Rb3 Kf5 52. Rb7 Kg4
53. Rb3 h5 0-1

[Event "Wch Juvenil 2013 sub-16 femenino"]
[Site "Al-Ain UAE"]
[Date "2013.12.23"]
[Round "6.8"]
[White "Osmak, Iulija"]
[Black "Assaubayeva, Diana"]
[Result "1-0"]
[WhiteElo "2212"]
[BlackElo "1974"]
[PlyCount "101"]
[EventDate "2013.12.19"]
[EventType "swiss"]
[EventRounds "11"]
[EventCountry "UAE"]
[Source "lmi"]
[SourceDate "2013.12.19"]

1. e4 e6 2. d4 d5 3. e5 c5 4. c3 Nc6 5. Nf3 Nh6 6. Bd3 cxd4 7. cxd4 Nf5 8. Bc2
Qb6 9. Bxf5 exf5 10. Nc3 Be6 11. O-O h6 12. Na4 Qc7 13. Ne1 Be7 14. Be3 O-O 15.
Nd3 b6 16. Rc1 Qd7 17. Nc3 Rac8 18. Qf3 Kh7 19. Qg3 g5 20. f4 g4 21. Qe1 Na5
22. Bf2 Qd8 23. Ne2 Rxc1 24. Qxc1 Qc8 25. Qb1 Qd7 26. Rc1 Rc8 27. Be1 Rxc1 28.
Qxc1 Nc6 29. Qc2 Qc8 30. h3 h5 31. Nf2 Nb4 32. Qxc8 Bxc8 33. Bxb4 Bxb4 34. Nc3
Bxc3 35. bxc3 Ba6 36. Nd1 Bd3 37. Kf2 b5 38. h4 Kg7 39. Ne3 Be4 40. a3 a6 41.
Ke2 Kf8 42. Kd2 a5 43. Kc1 a4 44. Kd2 f6 45. Nf1 Kf7 46. Ng3 fxe5 47. dxe5 Kg6
48. Ke3 Bxg2 49. Kd4 Be4 50. Kc5 Bd3 51. Kxd5 1-0

[Event "Wch Juvenil 2013 sub-16 femenino"]
[Site "Al-Ain UAE"]
[Date "2013.12.23"]
[Round "6.9"]
[White "Zahn, Alina"]
[Black "Monnisha, Gk"]
[Result "1/2-1/2"]
[WhiteElo "1983"]
[BlackElo "2180"]
[PlyCount "90"]
[EventDate "2013.12.19"]
[EventType "swiss"]
[EventRounds "11"]
[EventCountry "UAE"]
[Source "lmi"]
[SourceDate "2013.12.19"]

1. e4 e5 2. Bc4 Nf6 3. d3 Nc6 4. Nf3 Bc5 5. c3 O-O 6. O-O d5 7. exd5 Nxd5 8.
Re1 Bg4 9. h3 Bh5 10. Nbd2 Nb6 11. b4 Bd6 12. Bb3 a6 13. Ne4 Be7 14. a4 Kh8 15.
a5 Nd5 16. Bd2 f6 17. Bc4 Bf7 18. Qb3 Qd7 19. Nc5 Bxc5 20. bxc5 Rfd8 21. d4
exd4 22. cxd4 Bh5 23. g4 Bf7 24. Kg2 Rab8 25. Re2 h5 26. Rh1 b5 27. axb6 cxb6
28. cxb6 Rxb6 29. Qa4 Qb7 30. Rhe1 Qd7 31. Rh1 Kg8 32. g5 Qd6 33. Rhe1 g6 34.
Qa2 Rf8 35. gxf6 Ncb4 36. Bxb4 Rxb4 37. Kg1 Rxc4 38. Qxc4 Nf4 39. Qc2 Nxe2+ 40.
Qxe2 Qxf6 41. Ne5 Qg5+ 42. Kh2 Qf4+ 43. Kg1 Qg5+ 44. Kh2 Qf4+ 45. Kg1 Qg5+
1/2-1/2